| 000 | 01435nam0a2200289 4500 | ||
|---|---|---|---|
| 001 | RU\NLR\bibl\1748899 | ||
| 005 | 20250616115803.0 | ||
| 035 | _a(NLR Aleph) 001739769 | ||
| 090 |
_a1451952 _c1451952 |
||
| 100 | _a20110321d2009 |||y0rusy50 ca | ||
| 101 | 0 | _arus | |
| 102 | _aRU | ||
| 105 | _ay ||||||||| | ||
| 200 | 1 |
_aСоветская национальная политика и народы Северного Кавказа в 1940 - 1950-е гг. _eмонография _fВ.Г. Шнайдер _gФедер. агентство по образованию, Гос. образоват. учреждение высш. проф. образования "Армавир. гос. пед. ун-т" |
|
| 210 |
_aАрмавир _cАрмавирский государственный педагогический университет _d2009 |
||
| 215 |
_a235 с. _d20 |
||
| 320 | _aБиблиогр. в подстроч. примеч. | ||
| 606 | 1 |
_aНациональная политика _yСССР _z1940 - 1950-ые гг. _92614906 _3RU\NLR\auth\661551464 |
|
| 606 | 1 |
_aНароды Кавказа _xДепортация _z20 в. _92083623 _3RU\NLR\auth\661259689 |
|
| 686 | _aТ3(2)72-36 | ||
| 700 | 1 |
_aШнайдер _bВ. Г. _gВладимир Геннадьевич _4070 |
|
| 801 | 0 |
_aRU _bNLR _c20110321 _gRCR |
|
| 801 | 1 |
_aRU _bNLR _c20110321 |
|
| 830 | _aавт. по кн. | ||
| 942 | _cBOOK | ||
| 980 | _aNB | ||